000 00233nam a2200085Ia 4500
008 170620s9999 xx 000 0 und d
100 _aDubai- Satya Narayan`Sartandu`
245 0 _aUch Shakshik Manovigyan
260 _bAllahabad-Anubhab Publication
260 _c2008
999 _c25444
_d25444